| 000 | 00653nam a2200229 i 4500 | ||
|---|---|---|---|
| 001 | 182203 | ||
| 003 | ES-MaACL | ||
| 005 | 20231022203650.0 | ||
| 008 | 130626s2012 sp | |||||||| | spa d | ||
| 020 | _a978-84-8374-985-2 | ||
| 080 | _a821.134.2-14"19" | ||
| 100 | 1 |
_aSangüesa, María ( _d1955-) _9153010 |
|
| 245 | 1 | 0 |
_aJuegos de sirena / _cMaría Sagüesa. |
| 250 | _a1ª ed. | ||
| 260 |
_aMadrid : _bHuerga & Fierro, _c2012. |
||
| 300 |
_a58 p. ; _c22 cm. |
||
| 490 | 1 | _aPoesía | |
| 830 | 0 |
_aPoesía _9177794 |
|
| 852 |
_aES-MaACL _jA-12780 _9189114 _bR.148849 _cDEPO1 _dOlim: N-5780 |
||
| 942 |
_2udc _cMONOGRAFIA |
||
| 999 |
_c182203 _d182203 |
||